<?xml version="1.0" encoding="UTF-8"?>
<record
    xmlns:xsi="http://www.w3.org/2001/XMLSchema-instance"
    xsi:schemaLocation="http://www.loc.gov/MARC21/slim http://www.loc.gov/standards/marcxml/schema/MARC21slim.xsd"
    xmlns="http://www.loc.gov/MARC21/slim">

  <leader>00605nam a22001817a 4500</leader>
  <controlfield tag="005">20230906144952.0</controlfield>
  <controlfield tag="008">230906b        |||||||| |||| 00| 0 eng d</controlfield>
  <datafield tag="020" ind1=" " ind2=" ">
    <subfield code="a">9788185878010</subfield>
  </datafield>
  <datafield tag="041" ind1=" " ind2=" ">
    <subfield code="a">Eng.</subfield>
  </datafield>
  <datafield tag="082" ind1=" " ind2=" ">
    <subfield code="a">720.93</subfield>
    <subfield code="b">TAK</subfield>
  </datafield>
  <datafield tag="100" ind1=" " ind2=" ">
    <subfield code="a">Taknet D.</subfield>
    <subfield code="9">204599</subfield>
  </datafield>
  <datafield tag="245" ind1=" " ind2=" ">
    <subfield code="a">Jaypur : Gem of India</subfield>
  </datafield>
  <datafield tag="260" ind1=" " ind2=" ">
    <subfield code="a">Jaypur</subfield>
    <subfield code="b">IIME</subfield>
    <subfield code="c">2013</subfield>
  </datafield>
  <datafield tag="300" ind1=" " ind2=" ">
    <subfield code="a">430 P</subfield>
    <subfield code="b">HB</subfield>
    <subfield code="c">34 X 25 cm</subfield>
  </datafield>
  <datafield tag="365" ind1=" " ind2=" ">
    <subfield code="a">INR </subfield>
    <subfield code="b">3500.00</subfield>
    <subfield code="c">Rupaye</subfield>
  </datafield>
  <datafield tag="500" ind1=" " ind2=" ">
    <subfield code="a">1) Historical Evolution of Jaipur
2) Jaipur City : Plan and Architecture
3) The Maharajas Develop Jaipur
4) Marching to Modernity
5) Architectural Wonders of Jaipur</subfield>
  </datafield>
  <datafield tag="942" ind1=" " ind2=" ">
    <subfield code="c">BK</subfield>
  </datafield>
  <datafield tag="999" ind1=" " ind2=" ">
    <subfield code="c">356062</subfield>
    <subfield code="d">356062</subfield>
  </datafield>
  <datafield tag="952" ind1=" " ind2=" ">
    <subfield code="0">0</subfield>
    <subfield code="1">0</subfield>
    <subfield code="2">ddc</subfield>
    <subfield code="4">0</subfield>
    <subfield code="7">0</subfield>
    <subfield code="8">Book of Digital Architecture</subfield>
    <subfield code="a">BNCA</subfield>
    <subfield code="b">BNCA</subfield>
    <subfield code="d">2023-09-06</subfield>
    <subfield code="e">Word Bookshop</subfield>
    <subfield code="f">B.Arch.</subfield>
    <subfield code="g">2205.00</subfield>
    <subfield code="i">968</subfield>
    <subfield code="l">2</subfield>
    <subfield code="o">720.93 TAK</subfield>
    <subfield code="p">BNCA-BK-12326</subfield>
    <subfield code="r">2026-03-06 13:47:10</subfield>
    <subfield code="s">2026-02-25</subfield>
    <subfield code="t">37%</subfield>
    <subfield code="v">3500.00</subfield>
    <subfield code="w">2023-08-28</subfield>
    <subfield code="y">RF</subfield>
    <subfield code="z">BK12326</subfield>
  </datafield>
</record>
